|
|
|
|
| LEADER |
01121cam a22002894a 4500 |
| 001 |
14139022 |
| 005 |
20130623122340.0 |
| 008 |
130623s2006 nyua 001 0 eng |
| 010 |
|
|
|a 2005040187
|
| 020 |
|
|
|a 0393926230 (pbk.)
|
| 040 |
|
|
|a DLC
|c DLC
|d DLC
|d BD-DhAAL
|
| 050 |
0 |
0 |
|a HB172
|b .S86 2006
|
| 082 |
0 |
0 |
|a 338.5
|2 22
|
| 100 |
1 |
|
|a Stiglitz, Joseph E.
|9 2194
|
| 245 |
1 |
0 |
|a Principles of microeconomics /
|c Joseph E. Stiglitz, Carl E. Walsh.
|
| 250 |
|
|
|a 4th ed.
|
| 260 |
|
|
|a New York :
|b W.W. Norton,
|c c2006.
|
| 300 |
|
|
|a 1 v. (various pagings) :
|b ill. (some col.) ;
|c 26 cm.
|
| 500 |
|
|
|a Includes index.
|
| 541 |
|
|
|e 27214
|
| 650 |
|
0 |
|a Microeconomics.
|9 137
|
| 700 |
1 |
|
|a Walsh, Carl E.
|9 2195
|
| 887 |
|
|
|2 Ayesha Abed Library
|
| 942 |
|
|
|2 ddc
|c BK
|
| 999 |
|
|
|c 13606
|d 13606
|
| 952 |
|
|
|0 0
|1 0
|2 ddc
|4 0
|6 338_500000000000000_STI
|7 0
|9 22771
|a IGS
|b IGS
|c GEN
|d 2013-06-23
|e Trim Education
|g 4950.00
|l 0
|o 338.5 STI
|p 3010027214
|r 2013-06-23
|t 1
|w 2013-06-23
|y BK
|
| 952 |
|
|
|0 0
|1 0
|2 ddc
|4 0
|6 338_500000000000000_STI
|7 0
|9 23113
|a IGS
|b IGS
|c GEN
|d 2013-08-04
|e Trim Education
|g 4950.00
|l 0
|o 338.5 STI
|p 3010027353
|r 2013-08-04
|t 2
|w 2013-08-04
|y BK
|